| 000 | 01049 a2200349 4500 | ||
|---|---|---|---|
| 999 |
_c72835 _d2543 |
||
| 001 | 72835 | ||
| 003 | TR-AnTOB | ||
| 005 | 20190529102941.0 | ||
| 008 | 081125s2007 tu 00000 tur | ||
| 020 | _a9755857428 | ||
| 035 | _a72835 | ||
| 040 |
_aTR-AnTOB _cTR-AnTOB |
||
| 041 | _atur | ||
| 050 |
_aNK9165.A43 _bA43 2007 |
||
| 090 | _aNK9165.A43 A43 2007 | ||
| 245 | 0 |
_aAmasya iğne oyaları : _bEl emeği göz nuru / _chaz. Canan Oral. |
|
| 264 | 1 |
_aAmasya: _bAmasya valiği, _c2007. |
|
| 300 |
_a87 s. : _bres. ; _c28 cm. |
||
| 336 |
_2rdacontent _atext _btxt |
||
| 337 |
_2rdamedia _aunmediated _bn |
||
| 338 |
_2rdacarrier _avolume _bnc |
||
| 490 | 0 |
_aAmasya Valiği ; _v17 |
|
| 590 | _aProf. Dr. Ali Fuat Bilkan tarafından bağıştırmıştır. | ||
| 650 |
_aNeedlework _zTurkey _zAmasya İli _xThemes, motives _949829 |
||
| 650 |
_aİğne işi _zTürkiye _zAmasya _xTemalar, motifler _949830 |
||
| 700 |
_aOral, Canan _949828 |
||
| 902 | _a0024118 | ||
| 903 | _aMerkez Kütüphane | ||
| 942 |
_cBK _2lcc |
||
| 945 | _aMC, SA | ||